| Tag |
First Indicator |
Second Indicator |
Subfields |
| LEADER |
00000cam a2200000 4500 |
| 001 |
in00000208913 |
| 005 |
20151009061537.0 |
| 008 |
730124s1973 nyua 00000 eng |
| 010 |
|
|
|a 73001161
|
| 020 |
|
|
|a 0442228775
|
| 035 |
|
|
|a (OCoLC)00572819
|
| 035 |
|
|
|9 AAX6260AM
|
| 040 |
|
|
|a DLC
|c DLC
|d TXA
|d UtOrBLW
|
| 049 |
|
|
|a TXAM
|c [713781]
|
| 050 |
0 |
0 |
|a HT166
|b .G76
|
| 082 |
0 |
|
|a 309.2/62
|
| 100 |
1 |
|
|a Gruen, Victor,
|d 1903-1980.
|
| 245 |
1 |
0 |
|a Centers for the urban environment ;
|b survival of the cities.
|
| 264 |
|
1 |
|a New York :
|b Van Nostrand Reinhold Co.,
|c [1973]
|
| 300 |
|
|
|a x, 266 pages :
|b illustrations ;
|c 28 cm.
|
| 336 |
|
|
|a text
|b txt
|2 rdacontent
|
| 337 |
|
|
|a unmediated
|b n
|2 rdamedia
|
| 338 |
|
|
|a volume
|b nc
|2 rdacarrier
|
| 650 |
|
0 |
|a City planning
|y 1945-
|
| 650 |
|
0 |
|a Shopping centers.
|
| 999 |
|
|
|a MARS
|
| 999 |
f |
f |
|s d6bb38fa-5b3d-370c-b9b3-be8bfbd3f6e3
|i 945a4cff-c2e0-36fc-8246-770ae5c27cee
|t 0
|
| 952 |
f |
f |
|p ric
|a Texas A&M University
|b Rellis Campus
|c Joint Library Facility
|d Remote Storage
|t 0
|e HT166 .G76
|h Library of Congress classification
|i unmediated -- volume
|m A14802994210
|
| 998 |
f |
f |
|a HT166 .G76
|t 0
|l Remote Storage
|